| 000 | 00816nac a22002291u 4500 | ||
|---|---|---|---|
| 008 | 131204t2000 at ad||frb||| 001 0 eng d | ||
| 010 | _a99063621 | ||
| 020 | _a0155078690 | ||
| 020 | _a9780155078697 | ||
| 082 | 0 | 0 |
_a320.3 _bWIA _222 |
| 100 |
_aWiarda, Howard J., _919979 |
||
| 245 | 1 | 0 |
_aIntroduction to comparative politics : _bconcepts and processes / _cHoward J. Wiarda. |
| 250 | _a2nd ed. | ||
| 260 |
_a[Canberra] : _bThomson Wadsvvorth, _cc.2000 _e([Washington]) |
||
| 300 |
_axvii, 241 p. : _bcharts, tables. ; _c24 cm. |
||
| 490 | 0 |
_aNew horizons in comparative politics _919980 |
|
| 504 | _aIncludes bibliographical references (p. 221-225) and index. | ||
| 650 | 0 |
_aComparative government. _934529 |
|
| 653 |
_bPol _cDecember2013 |
||
| 655 |
_vreading book _934232 |
||
| 942 |
_cBB _2ddc _k320.3 WIA |
||
| 999 |
_c1614 _d1613 |
||